Το περιβάλλον και η ανάπτυξη στη Σύμη : πτυχιακή εργασία

Αποθηκεύτηκε σε:
Λεπτομέρειες βιβλιογραφικής εγγραφής
Κύριος συγγραφέας: Σκώττη, Ευσταθία
Συγγραφή απο Οργανισμό/Αρχή: Πανεπιστήμιο Αιγαίου. Σχολή Περιβάλλοντος. Τμήμα Περιβάλλοντος
Άλλοι συγγραφείς: Κοκκώσης, Χαράλαμπος (Εισηγητής διατριβής)
Μορφή: Thesis Βιβλίο
Γλώσσα:Greek
Δημοσίευση: Μυτιλήνη : Πανεπιστήμιο Αιγαίου, Σχολή Περιβάλλοντος, Τμήμα Περιβάλλοντος, 1992
Θέματα:
Διαθέσιμο Online:http://hdl.handle.net/11610/9776
Ετικέτες: Προσθήκη ετικέτας
Δεν υπάρχουν, Καταχωρήστε ετικέτα πρώτοι!

MARC

LEADER 00000cam a2200000 i 4500
001 1/3556
008 000522s1992 gre d
035 |l 10060838 
040 |a GR-MY-UA  |b gre  |e aacr 
041 0 |a gre 
082 0 |a 338.9495  |2 (22) 
100 1 |a Σκώττη, Ευσταθία. 
245 1 3 |a Το περιβάλλον και η ανάπτυξη στη Σύμη :  |b πτυχιακή εργασία /  |c Σκώττη Ευσταθία ; υπεύθυνος καθηγητής Χάρης Ν. Κοκκώσης 
260 |a Μυτιλήνη :   |b Πανεπιστήμιο Αιγαίου, Σχολή Περιβάλλοντος, Τμήμα Περιβάλλοντος,   |c 1992 
300 |a 119 σ.;  |b πιν.;  |c 30 εκ. 
502 |a Πτυχιακή εργασία – Πανεπιστήμιο Αιγαίου, Λέσβος, 1992. 
504 |a Περιέχει βιβλιογραφία 
650 0 0 |a Sustainable development  |z Greece  |z Syme (Municipality) 
650 0 0 |a Dissertations, Academic  |z Greece. 
651 0 |a Syme (Greece : Municipality)  |x Economic conditions. 
700 1 |4 ths  |a Κοκκώσης, Χαράλαμπος. 
710 2 |a Πανεπιστήμιο Αιγαίου.   |b Σχολή Περιβάλλοντος.   |b Τμήμα Περιβάλλοντος. 
852 |a INST  |b LESVOS  |c DIATR  |e 20000522  |h 37  |p 005100024408  |q 005100024408  |t DIE  |y 23 
852 |a INST  |b LESVOS  |c DIATR  |e 20000522  |h 38  |p 005100024407  |q 005100024407  |t DIE  |y 23 
856 |u http://hdl.handle.net/11610/9776 
901 |a BIBL1-2000-2 
909 |a Λ  |b 078676 
909 |a Λ  |b 078677 
924 |a ΣΚΩΤΤΗ  |b ΕΥΣΤΑΘΙΑ  |y ΛΕΣΒΟΣ  |z 1993-03 
970 |a ΑΙΒΑΤΖΙΔΟΥ  |b ΕΛΕΝΗ  |z 2000/05/22